000 00662nam a22002417a 4500
003 UA-OsUOA
001 45710
007 ta
008 20111031b un ||||| |||| 00| 0 ukr d
090 _a082
_bЗ-11
942 _cBK
040 _aUA-OsUOA
_bukr
_cUA-OsUOA
_dUA-OsUOA
245 _aЗ історії Української РСР
300 _a198 с.
955 _a1
041 _aukr
080 _a082
260 _aК.
_c1962
246 3 1 _aвип. 6-7
650 7 _a08 Видання. Колективні праці
_2UDC
999 _c425812
_d425812